000 00313nam a2200133Ia 4500
008 191201s2012 xx 000 0 und d
100 _aNAKRA, B C
245 0 _aInstrumentation Measurement and analysis
250 _aRep
260 _c2012
_bTMH
_aN. delhi
300 _a641
650 _aECE
942 _2ddc
_cBB
_02
999 _c7600
_d7600